Statistics for The Legend of Zelda Games Quiz

Click here to take the quiz!

General Stats

  • This quiz has been taken 17 times
  • The average score is 13 of 19

Answer Stats

SystemGame% Correct
N64/ 2000Majora's Mask
87%
NES/ 1986The Legend of Zelda
87%
SNES/ 1991A Link to the Past
80%
Wii-U/Switch/ 2017Breath of the Wild
80%
Gameboy/ 1993Link's Awakening
80%
N64/ 1998Ocarina of Time
80%
3DS/ 2013A Link Between Worlds
73%
GBC/ 2001Oracle of Ages
73%
GBC/ 2001Oracle of Seasons
73%
Wii/ 2011Skyward Sword
73%
GBA/ 2004The Minish Cap
73%
Gamecube/ 2002The Wind Waker
73%
Gamecube/Wii/ 2006Twilight Princess
73%
GBA/ 2002Four Swords
67%
DS/ 2007Phantom Hourglass
67%
DS/ 2009Spirit Tracks
67%
NES/ 1987The Adventure of Link
47%
3DS/ 2015Triforce Heroes
47%
Gamecube/ 2004Four Swords Adventures
40%

Score Distribution

Percentile by Number Answered

Percent of People with Each Score

Your Score History

You have not taken this quiz